| 000 | 00449nam a2200181Ia 4500 | ||
|---|---|---|---|
| 001 | 10419 | ||
| 005 | 20260306161831.0 | ||
| 008 | 260306t1965||||xx |||||||||||||| ||spa|| | ||
| 041 | _aESP | ||
| 082 |
_a925 _bD61 |
||
| 100 |
_aDessauer, Friedrich _eAUT |
||
| 245 | 0 |
_aEl caso Galileo y nosotros: _buna tragedia de occidente |
|
| 260 | _c1965 | ||
| 300 |
_a104 páginas : _c20 cm. |
||
| 650 | _aGEN | ||
| 654 | _aCHU | ||
| 942 |
_cLIB _dJUS _fJUS _2ddc _n |
||
| 999 |
_c10419 _d10419 |
||